000 00955nam a22002177a 4500
005 20150109142342.0
008 150109b xxu||||| |||| 00| 0 spa d
040 _aCO-BoIAVH
_cCO-BoIAVH
041 _aspa
044 _ape
090 _aEA
_b00246
110 1 _aPerú
_bUnión Internacional para la Conservación de la Naturaleza-UICN
_931306
245 1 _a¿Cómo Obtener el Permiso de Aprovechamiento Forestal y Gestionar Nuestros Bosques Comunales? :
_bGuía N° 1
260 _aLima :
_bUnión Internacional para la Conservación de la Naturaleza-UICN,
_bMinisterio de Asuntos Exteriores y de Cooperación-AECID,
_c2011.
300 _a47 pag
_bIl.
_c25 cm
650 _aAprovechamiento Forestal
_xLegislación
_931307
650 _aAprovechamiento Forestal
_xAdministración forestal.
_931308
650 _aAprovechamiento Forestal
_xExplotación forestal
_931309
650 _aAprovechamiento Forestal
_xGestión Ambiental
_931310
942 _2z
_cLIBRO
999 _c8953
_d8953